000 00508nam a2200157 a 4500
008 160825s2015 ||||||||||||||||| || u
020 _a9780007503650
050 _aPR 6118.O76D53
100 _aRose, Jacqui
245 1 0 _aDisobey: a novel
_cBy Jacqui Rose
260 _aLondon
_bAvon
_c2015
300 _a371 p.
350 _a10.84
650 _aENGLISH LANGUAGE
995 _FCBU-MAIN LIBRARY (Kitwe)
_I10.84
_M1
_UAVAILABLE
_WOct 19, 2016
_ZFiction Collection
999 _c40323
_d40323